000 00302nam a22001337a 4500
008 170511b xxu||||| |||| 00| 0 eng d
020 _a9780205351923
041 _aeng
080 _a34
100 _a15
101 _aSHJ
245 _aDAYS IN THE LIVES OF COUNSELORS
_cDINGMAN, R.L
942 _2udc
_cBK
999 _c13110
_d13110